[Event "SVK-ch U16"]
[Site "Ruzomberok"]
[Date "2010.02.22"]
[Round "2"]
[White "Sklars, Tomas"]
[Black "Pagerka, Martin"]
[Result "0-1"]
[WhiteElo "1770"]
[BlackElo "2123"]
[PlyCount "62"]
[EventDate "2010.02.21"]
[EventType "swiss"]
[EventRounds "9"]
[EventCountry "SVK"]
[SourceTitle "EXT 2022"]
[Source "ChessBase"]
[SourceDate "2021.10.06"]
[SourceVersion "1"]
[SourceVersionDate "2021.10.06"]
[SourceQuality "1"]

1. e4 c5 2. Nf3 d6 3. d4 cxd4 4. Nxd4 Nf6 5. Nc3 a6 6. Bg5 e6 7. f4 Be7 8. Qf3 Qc7 9. 0-0-0 Nbd7 10. Bd3 b5 11. Rhe1 Bb7 12. Qh3 b4 13. Nb1 Rc8 14. Qg3 Nc5 15. Bxf6 gxf6 16. Nd2 Kd7 17. N2b3 Rhg8 18. Qf2 Nxd3+ 19. Rxd3 Ke8 20. g3 Qb6 21. Qe2 a5 22. Qh5 Ba6 23. Rd2 a4 24. Qxh7 Rf8 25. Na1 Bc4 26. Qh5 Rc5 27. Qf3 Bxa2 28. b3 Qa5 29. Kd1 Kd7 30. Rd3 Rfc8 31. Ree3 Bb1 0-1